L'homme, cet inconnu
Obra que trata sobre la antropología filosófica. Parte de la necesidad de “conocernos a nosotros mismos”, dando paso al planteamiento de la ciencia del ser humano. Trata temas como el cuerpo y las actividades fisiológicas, las actividades mentales, la percepción del tiempo “interior”, las funciones...
محفوظ في:
| المؤلف الرئيسي: | |
|---|---|
| التنسيق: | كتاب |
| اللغة: | Undetermined |
| منشور في: |
París, Francia
[s.n.]
1935
|
| الموضوعات: | |
| الوسوم: |
إضافة وسم
لا توجد وسوم, كن أول من يضع وسما على هذه التسجيلة!
|
MARC
| LEADER | 00000nam a2200000Ia 4500 | ||
|---|---|---|---|
| 008 | 170316s9999 xx 000 0 und d | ||
| 040 | |a cru BVZT | ||
| 090 | |a 100 C-12ho | ||
| 100 | |a Carrel, Alexis |9 1588 | ||
| 245 | |a L'homme, cet inconnu |c / Alexis Carrel | ||
| 260 | |a París, Francia |b [s.n.] |c 1935 | ||
| 300 | |a 400 p. | ||
| 520 | |a Obra que trata sobre la antropología filosófica. Parte de la necesidad de “conocernos a nosotros mismos”, dando paso al planteamiento de la ciencia del ser humano. Trata temas como el cuerpo y las actividades fisiológicas, las actividades mentales, la percepción del tiempo “interior”, las funciones de adaptación y el individuo. | ||
| 650 | |a FILOSOFÍA |9 5 | ||
| 999 | |c 15840 |d 15840 | ||
| 942 | |c SALA |h 100 C-12ho |2 z | ||
